Child poverty and deprivation in the industrialized countries 1945-1995. / (Record no. 3811)

MARC details
000 -LEADER
fixed length control field 01908nam a22001697a 4500
008 - FIXED-LENGTH DATA ELEMENTS--GENERAL INFORMATION
fixed length control field 140827b xxu||||| |||| 00| 0 eng d
020 ## - INTERNATIONAL STANDARD BOOK NUMBER
International Standard Book Number 0198290756
050 ## - LIBRARY OF CONGRESS CALL NUMBER
Classification number HV713.C3826
245 ## - TITLE STATEMENT
Title Child poverty and deprivation in the industrialized countries 1945-1995. /
Statement of responsibility, etc. edited by Giovanni Andrea Cornia and Sheldon Danziger.
260 ## - PUBLICATION, DISTRIBUTION, ETC.
Place of publication, distribution, etc. New York:
Name of publisher, distributor, etc. Clarendon Press,
Date of publication, distribution, etc. 1997.
300 ## - PHYSICAL DESCRIPTION
Extent xiv, 430p.:
Dimensions 23cm.
500 ## - GENERAL NOTE
General note Includes bibliographical references and index.
505 ## - FORMATTED CONTENTS NOTE
Formatted contents note Contents: Common themes, methodological approach, and main findings -- Child poverty and deprivation: From the golden age, to stagnation, to transition -- Child poverty and deprivation in the industrialized countries from the End of World War II to the end of the Cold War Era -- Growth, public expenditure, and household welfare in industrialized countries -- Investing in children: government expenditure for children and their families in Western Industrialized Countries -- Family policies in Eastern Europe: from socialism to the market -- National case-studies: Child poverty and deprivation in Russia: Improvement, standstill, and retrogression -- The America paradox: High income and high child poverty -- Child welfare in the United Kingdom: Rising poverty, falling priorities for children -- Child welfare in Portugal amidst fast growth and weak social policy -- Growth, regional imbalance, and child well-being: Italy over over the last four decades -- Advancing for children in the advanced welfare state: Current problems and prospects in Sweden -- Child well-being in Japan: The high cost of economic success -- Emerging problems in the post-cold war era: Recession, social policy, and child welfare in Post-Communist Eastern Europe: Which way ahead? -- Making social policy work for children: Towards a more effective antipoverty policy.
650 ## - SUBJECT ADDED ENTRY--TOPICAL TERM
Topical term or geographic name entry element Law.
700 ## - ADDED ENTRY--PERSONAL NAME
Personal name Danziger, Sheldon.
942 ## - ADDED ENTRY ELEMENTS (KOHA)
Source of classification or shelving scheme Library of Congress Classification
Koha item type Books
Holdings
Withdrawn status Lost status Source of classification or shelving scheme Damaged status Not for loan Home library Current library Shelving location Date acquired Total Checkouts Full call number Barcode Date last seen Copy number Price effective from Koha item type
    Library of Congress Classification     WISCONSIN INTERNATIONAL UNIVERSITY COLLEGE, GHANA - MAIN LIBRARY WISCONSIN INTERNATIONAL UNIVERSITY COLLEGE, GHANA - MAIN LIBRARY Law Library 27/08/2014   HV713.C3826 281/13 27/08/2014 1 27/08/2014 Books

If you have any concerns or questions; kindly contact the library


© Powered by WIUC ICT DIRECTORATE